| 000 | 00562nac a22001691u 4500 | ||
|---|---|---|---|
| 082 |
_a621.56 _bANA |
||
| 090 |
_c5884 _d5884 |
||
| 100 | _aAnanthanarayanan p. n. | ||
| 245 |
_aBasic refrigeration and air conditioning / _cP. N. Ananthanarayanan |
||
| 260 |
_aNew Delhi : _bMcGraw-hill,1982 _c1982 |
||
| 300 |
_a288 p. : _bill. ; _c24 cm. |
||
| 500 | _adistributer: Al-Ahram | ||
| 511 | _acatalogued by : wessam | ||
| 650 | _aRefrigeration and refrigerating machinery. | ||
| 650 | _aAir conditioning. | ||
| 942 |
_cBB _k621.56ANA |
||
| 999 |
_c5884 _d5884 |
||